000 00945pam a2200337 a 4500
999 _c1898
_d1898
001 015488998
003 Uk
005 20230215090952.0
008 100210r20102009enkab j 000 1 eng d
015 _aGBB027435
_2bnb
016 7 _a015488998
_2Uk
020 _a9780141325019 (pbk.) :
020 _a0141325011 (pbk.) :
040 _aStDuBDS
_beng
_cStDuBDS
_dUk
_dKH8
082 0 4 _aFIC HIG
_222
100 1 _aHigson, Charlie,
_d1958-
_eauthor
245 1 4 _aThe enemy /
_cCharlie Higson.
260 _aLondon :
_bPuffin,
_c2010.
300 _a412 p. :
_bill., map ;
_c20 cm.
336 _atext
_2rdacontent
337 _aunmediated
_2rdamedia
338 _avolume
_2rdacarrier
440 _aThe Enemy;
_n1
500 _aOriginally published: 2009.
500 _aFormerly CIP.
_5Uk
650 0 _aZombies
_vFiction.
651 0 _aLondon (England)
_vFiction.
655 0 _aHorror tales.
655 0 _aYoung adult fiction.
942 _2ddc
_cFIC